000 01031nam a2200337 a 4500
001 551048
003 OSt
005 20140310182657.0
008 880426s1989 maua b 001 0 eng
010 _a 88081338
020 _a039538107X
040 _aDLC
_cDLC
_dDLC
050 0 0 _aHB 171.5
_b.K15 1989
082 0 0 _aM 330
_220
_bK12 1989
100 1 _aKamerschen, David R.
245 1 0 _aEconomics
_cKamerschen, David R.
250 _a2nd ed.
260 _aBoston
_bHoughton Mifflin Co.
_cc1989
300 _axxxv, 979, 57 p.
_bill. (some col.)
_c26 cm.
504 _aIncludes bibliography and index.
521 _aCollege student
526 _c1210L to 1700L
541 _j1
562 _e for circulation.1 copy available in the collection
650 0 _aEconomics.
700 1 _aMcKenzie, Richard B.
700 1 _aNardinelli, Clark.
906 _a7
_bcbc
_corignew
_d2
_eopcn
_f19
_gy-gencatlg
942 _2lcc
_cBK
_kM
999 _c15136
_d15136